00599 2200217 4500245008500000020002200085250001100107100001600118700002400134700003000158650001900188650001000207005001900217260005700236041001400293084000800307300002600315336000900341337001000350338002100360 aBahasa Inggris b : English for Change untuk SMA/MA Kelas XIcPuji AstutihText a978-602-427-944-8 aCet. 1 aPuji Astuti aAria Septi Anggaira aKristine Ann Manreal Capa aBahasa Inggris aEbook a20230616072207 aJakartabKementerian Pendidikan dan Kebudayaanc2022 aIndonesia a425 axxii, 266 hlm. :cPDF atext aother aother (computer)